[Event "VIE-ch"]
[Site "Hanoi"]
[Date "2024.03.16"]
[Round "9"]
[White "Nguyen, Duc Dung"]
[Black "Vo, Hoang Quan"]
[Result "1/2-1/2"]
[WhiteElo "1752"]
[BlackElo "1851"]
[PlyCount "51"]
[EventDate "2024.03.11"]
[EventType "swiss"]
[EventRounds "9"]
[EventCountry "VIE"]
[SourceTitle "CB13_2024"]
[SourceDate "2024.03.27"]
[SourceVersion "1"]
[SourceVersionDate "2024.03.27"]
[SourceQuality "1"]

1. d4 d5 2. c4 c6 3. Nf3 Nf6 4. cxd5 cxd5 5. Nc3 Nc6 6. Bf4 a6 7. e3 e6 8. Bd3 Bd6 9. Bxd6 Qxd6 10. 0-0 0-0 11. Rc1 Bd7 12. Qd2 Nb4 13. a3 Nxd3 14. Qxd3 Rac8 15. Ne5 Rfd8 16. Nxd7 Qxd7 17. Ne2 Rxc1 18. Rxc1 Rc8 19. Rxc8+ Qxc8 20. Qc3 Qxc3 21. Nxc3 Kf8 22. f3 Ke7 23. Kf2 Kd6 24. Ke2 Nd7 25. Kd3 Nb6 26. b3 1/2-1/2